00793cam a22002291 4500001001300000003000400013005001700017008004100034010001700075035001900092040004400111042001200155050001800167100002700185245008200212260002700294300011100321500006800432504003500500650001300535999001500548af 47003060 DLC20260227110817.0800611s1944 fr abf b 000 0 fre c aaf 47003060  a(OCoLC)6410193 aHarvard univ. LibrarycTxCMdOCoLCdDLC apremarc00aQL696.P2bO551 aOlivier, Georges G. F.10aMonographie des pies-grièches du genre Lanius.cPréface de J. Berlioz ... aRouen,bLecerf,c1944. a4 p. l., [11]-326 p.bcol. front., illus. (incl. maps) XIV (i.e. 17) pl. (part col.) double diagr.c25 cm. aSome plates accompanied by leaves with explanatory letterpress. a"Bibliographie": p. [301]-317. 0aShrikes. c2003d2003